| 000 | 00590nam a22001817a 4500 | ||
|---|---|---|---|
| 008 | 160803b xxu||||| |||| 00| 0 eng d | ||
| 020 | _a9780071106566 | ||
| 082 |
_22008 _aDC 621.3 _bF82 |
||
| 100 |
_912169 _aFowler, Richard J. |
||
| 245 |
_aElectricity: _bprinciples and applications/ _cRichard J. Fowler |
||
| 250 | _aSeventh edition | ||
| 260 |
_aBoston: _bMcGraw-Hill Higher Education, _cc2008. |
||
| 300 |
_aiii, 511 pages: _billustrations; _c28 cm. |
||
| 500 | _aIncludes appendices, glossary and index. | ||
| 650 | 0 |
_912170 _aElectricity |
|
| 365 |
_b3,995.00 _cPhp. |
||
| 942 |
_2ddc _cDC |
||
| 999 |
_c3654 _d3654 |
||